000 00368nam a22001577a 4500
003 MPLRDC
005 20220104114652.0
008 210129b ||||| |||| 00| 0 eng d
082 _a294 LBY c.2
100 _a不详
245 _a风水大师赖布衣
_c
260 _a
_b钟文出版社
_c1992
300 _b
650 _a堪舆--风水
942 _cBK
_o294 LBY c.2
999 _c9292
_d9282